Statistics for You're Not Sorry lyrics

Click here to take the quiz!

General Stats

  • This quiz has been taken 227 times
  • The average score is 242 of 279

Answer Stats

Lyrics% Correct
no,
100%
no
100%
not
100%
so
100%
You
100%
you,
100%
you
100%
sorry,
99%
sorry
99%
your
99%
you're
99%
You're
99%
I
97%
be
95%
do
95%
me
95%
the
95%
to
95%
and
94%
And
94%
But
94%
but
94%
don't
94%
did
93%
is
93%
This
93%
this
93%
time
92%
won't
92%
believe
91%
last
91%
like
91%
wanna
91%
anymore
90%
anymore,
90%
before
90%
have
90%
that
90%
up
90%
baby,
89%
believe
89%
call
89%
phone
89%
pick
89%
hurt
88%
tell
88%
can
87%
All
85%
all
85%
it
85%
was
85%
would
84%
around
83%
straw,
83%
wanna
83%
come
82%
it's
81%
know
79%
out
78%
for
77%
hoping
77%
in
77%
let
76%
I've
75%
of
75%
down
74%
I'm
74%
long,
73%
wasting
73%
'cause
71%
left
71%
been
70%
figured
70%
if
70%
didn't
69%
my
69%
every
68%
had
68%
taking
67%
chances
66%
fine
65%
giving
65%
nothing
65%
thinking
65%
waiting
65%
we'll
64%
again,
63%
got
63%
listen
63%
now
63%
there's
63%
being
62%
cold
62%
each
61%
loved
61%
tired
61%
secrets
60%
life
59%
never
59%
worked
59%
asking
58%
innocent,
58%
might
58%
beg
57%
Could've
57%
honey
56%
would've
56%
away,
55%
bright
55%
fade
55%
gone
55%
Looking
55%
share
55%
used
55%
hadn't
54%
shine
54%
watched
54%
crawling
42%

Score Distribution

Percentile by Number Answered

Percent of People with Each Score

Your Score History

You have not taken this quiz